Statistics for Brand Logos Quiz #8

Click here to take the quiz!

General Stats

  • This quiz has been taken 36,537 times
  • The average score is 12 of 20

Answer Stats

Answer % Correct
Sprite
98%
Samsung
95%
Warner Brothers
93%
Intel
88%
Excel
84%
Heineken
83%
Hershey's
71%
Quaker Oats
67%
Wilson
62%
Costco
57%
Reddit
56%
Mattel
48%
Jif
48%
Verizon
47%
Hertz
46%
Chevron
41%
Swarovski
35%
Cheerios
33%
Chiquita
31%
Lululemon
24%

Score Distribution

Percentile by Number Answered

Percent of People with Each Score

Your Score History

You have not taken this quiz